Movies Quiz

Random Movies or Soccer Quiz

The Big Play - Sports Movies Quiz Stats

 Plays Quiz not verified by Sporcle

Challenge
Share
Tweet
Embed
Score 0/27 Timer 08:00
0 Plays Today
% Correct
The Karate Kid (1984)
86.9%
Kill Bill Vol. 2 (2004)
78.8%
Back To School (1986)
70.7%
Dodgeball - A True Underdog Story (2004)
70.7%
Old School (2003)
70.7%
Talladega Nights: The Ballad of Ricky Bobby (2006)
66.7%
Balls of Fury (2007)
63.6%
Blades of Glory (2007)
58.6%
The Wrestler (2008)
56.6%
Bend It Like Beckham (2002)
55.6%
Revenge of the Nerds (1984)
55.6%
Little Giants (1994)
50%
Kung Fu Panda (2008)
47.5%
Kicking And Screaming (2005)
45.5%
% Correct
Caddyshack (1980)
44.7%
Slap Shot (1977)
44.4%
Invincible (2006)
42.4%
Shaolin Soccer (2001)
38.4%
Leatherheads (2008)
38.4%
Semi-Pro (2008)
37.4%
Never Back Down (2008)
37.4%
Stick It (2006)
37.4%
Horse Feathers (1932)
33.3%
The Best Of Times (1986)
32.3%
Facing The Giants (2006)
32.3%
Stomp The Yard (2007)
30.3%
Gamer (2009)
21.2%

You're not logged in!

Compare scores with friends on all Sporcle quizzes.
OR
Log In

You Might Also Like...

Show Comments

Extras

Top Quizzes Today


Score Distribution

Your Account Isn't Verified!

In order to create a playlist on Sporcle, you need to verify the email address you used during registration. Go to your Sporcle Settings to finish the process.

Report this User

Report this user for behavior that violates our Community Guidelines.

Details: